000 00261nam a2200109Ia 4500
001 588709
005 20250717120836.0
008 250717s9999 xx 000 0 und d
245 0 _aZ-1 ALTIN NİNE
_cMERYEM UÇAR
260 _bERDEM YAYINLARI
_c2019
300 _b86
999 _c588709
_d588709